Armed militias of south asia / (Record no. 14348)

000 -LEADER
fixed length control field 00815nam a2200265 a 4500
001 - CONTROL NUMBER
control field ASIN185065977X
005 - DATE AND TIME OF LATEST TRANSACTION
control field 20170105102853.0
008 - FIXED-LENGTH DATA ELEMENTS--GENERAL INFORMATION
fixed length control field 130821s xxu eng d
020 ## - INTERNATIONAL STANDARD BOOK NUMBER
International Standard Book Number 185065977X (paperback)
020 ## - INTERNATIONAL STANDARD BOOK NUMBER
International Standard Book Number 9781850659778 (paperback)
040 ## - CATALOGING SOURCE
Original cataloging agency 0
050 04 - LIBRARY OF CONGRESS CALL NUMBER
Classification number HN670.3.Z9
082 04 - DEWEY DECIMAL CLASSIFICATION NUMBER
Classification number 303.620954
100 1# - MAIN ENTRY--PERSONAL NAME
Personal name English, Milices Arm'es D'Asie Du Sud.
245 10 - TITLE STATEMENT
Title Armed militias of south asia /
Statement of responsibility, etc. Milices Arm'es D'Asie Du Sud English.
300 ## - PHYSICAL DESCRIPTION
Extent 1 v. (unpaged) ;
Dimensions 22 cm.
650 #0 - SUBJECT ADDED ENTRY--TOPICAL TERM
Topical term or geographic name entry element Ethnic conflict
650 #0 - SUBJECT ADDED ENTRY--TOPICAL TERM
Topical term or geographic name entry element Insurgency
650 #0 - SUBJECT ADDED ENTRY--TOPICAL TERM
Topical term or geographic name entry element Militia movements
650 #0 - SUBJECT ADDED ENTRY--TOPICAL TERM
Topical term or geographic name entry element Nationalism--Religious aspects
650 #0 - SUBJECT ADDED ENTRY--TOPICAL TERM
Topical term or geographic name entry element Political violence
650 #0 - SUBJECT ADDED ENTRY--TOPICAL TERM
Topical term or geographic name entry element South Asia
856 40 - ELECTRONIC LOCATION AND ACCESS
Materials specified Amazon.com
Uniform Resource Identifier <a href="http://www.amazon.com/exec/obidos/ASIN/185065977X/chopaconline-20">http://www.amazon.com/exec/obidos/ASIN/185065977X/chopaconline-20</a>
942 ## - ADDED ENTRY ELEMENTS (KOHA)
Source of classification or shelving scheme
Koha item type Book
Holdings
Withdrawn status Lost status Damaged status Not for loan Collection code Permanent Location Current Location Shelving location Date acquired Total Checkouts Full call number Barcode Date last seen Price effective from Koha item type Date last checked out
          Central Library (CL) Central Library (CL) General Stacks 10/01/2013 2 303.620954 ARM 2009 CIPS0001161 04/24/2026 10/22/2013 Book 02/18/2026
          Centre for International Peace & Stability (CIPS) Centre for International Peace & Stability (CIPS) General Stacks 08/06/2013   303.620954 ARM 2009 CIPS0000602 08/21/2013 08/21/2013 Book  
          Centre for International Peace & Stability (CIPS) Centre for International Peace & Stability (CIPS) General Stacks 08/22/2013   303.620954 ARM 2009 CIPS0000807 08/22/2013 08/22/2013 Book  
© 2023 Central Library, National University of Sciences and Technology. All Rights Reserved.